ARRUPE JESUIT UNIVERSITY

CORONAVIRUS -STOP THE SPREAD - CLEAN,DISINFECT,COVER

Symbole des todes (Record no. 125695)

MARC details
000 -LEADER
fixed length control field 00583nam a22001577a 4500
008 - FIXED-LENGTH DATA ELEMENTS--GENERAL INFORMATION
fixed length control field 161108b xxu||||| |||| 00| 0 eng d
050 ## - LIBRARY OF CONGRESS CALL NUMBER
Classification number SPC DT962.42.A775
100 ## - MAIN ENTRY--PERSONAL NAME
Personal name Aschwanden, Herbert
9 (RLIN) 27349
245 ## - TITLE STATEMENT
Title Symbole des todes
Remainder of title Bewusstseinsanalyse eines Afrika-nischen Volkes
Statement of responsibility, etc Herbert Aschwanden
260 ## - PUBLICATION, DISTRIBUTION, ETC. (IMPRINT)
Place of publication, distribution, etc Gwelo
Name of publisher, distributor, etc Mambo Press
300 ## - PHYSICAL DESCRIPTION
Extent 536p. ;
Dimensions 30cm.
500 ## - GENERAL NOTE
General note Typscript Published on "symbols of death" Gwelo: Mambo Press, 1987.
650 ## - SUBJECT ADDED ENTRY--TOPICAL TERM
Topical term or geographic name as entry element Karanga (african People)
General subdivision Funeral customs and rites
9 (RLIN) 27350
650 ## - SUBJECT ADDED ENTRY--TOPICAL TERM
Topical term or geographic name as entry element Philosophy, Karanga
9 (RLIN) 27351
942 ## - ADDED ENTRY ELEMENTS (KOHA)
Source of classification or shelving scheme Library of Congress Classification
Item type SPC
Holdings
Withdrawn status Lost status Source of classification or shelving scheme Damaged status Not for loan Collection code Home library Current library Shelving location Date acquired Total Checkouts Full call number Barcode Date last seen Price effective from Koha item type
    Library of Congress Classification     SPECIAL Collection ARRUPE LIBRARY ARRUPE LIBRARY Reference 08/11/2016   SPC DT962.42.A775 46500009942 08/11/2016 08/11/2016 SPC

 

Arrupe Library. PO Box MP320 Mt Pleasant, Harare, Zimbabwe
263 242 745411|librarian@aju.ac.zw